000 00464nam a2200181Ia 4500
001 10724
003 GE_BSU
008 181216s||||||||xx |||||||||||||| ||und||
040 _cGE_BSU
245 _aГеоморфология. №2.2014.
245 _cГл.ред.Чичагов В.П.
260 _aМосква
260 _c2014
300 _a80стр.24см.
653 _aГеоморфология.
653 _aპერიოდიკა
942 _cCR
999 _c43974
_d43974